El sujeto del aprendizaje en la institucion escolar /

Guardado en:
Autor Principal: Ageno, Raúl M.
Otros Autores: Colussi, Guillermo
Formato: Libro
Publicado: Rosario : Homo Sapiens
Series:Educación
Materias:
Etiquetas: Agregar Etiqueta
Sin Etiquetas, Sea el primero en etiquetar este registro!
LEADER 01158nam a22002295a 4500
001 CEM.cems011198
005 20071101184920.0
008 130507b######################000#0#####d
003 CEMS
082 0 4 |a 370.15 
100 1 |a Ageno, Raúl M. 
245 1 0 |a El sujeto del aprendizaje en la institucion escolar /  |c  Raúl Ageno, Guillermo Colussi 
260 |a Rosario :  |b Homo Sapiens 
300 |a 185 p. 
490 0 |a Educación 
505 0 |a Algunas indicaciones acerca del sujeto del conocimiento en la filosofía y en la psicología / Guillermo Colussi -- El sujeto del aprendizaje / Raúl Ageno -- El olvido en el sujeto del aprendizaje / Leonor Capara -- Participación del sujeto en el aprendizaje: una mirada desde distintas teorías psicológicas / María del Carmen Dadone -- El sujeto no aprende ¿Y el otro? / Isabel M. Rodríguez -- Aportes de la psicología genética y del psicoanálisis a la pedagogía / Liliana Sanjurjo 
653 |a Educación 
653 |a Psicología educativa 
653 |a Aprendizaje-teorías 
653 |a Sujeto-aprendizaje 
700 1 |a Colussi, Guillermo 
859 |a CEMS  |b BIB. CEMS - 11 de abril  |h 370.15  |i Ag36  |p 22085.03  |t Ej.1